00740nam a22002417a 450000500170000000800410001702000180005804100080007608000080008410000210009224501070011325000120022026000400023230000270027250500240029963000160032365000140033965000120035365500220036594200120038799900130039995200860041220150327122400.0070413s2006 caua s 001 0 eng d z97800722622850 aeng a0041 aSunderic, Dejan.10aMicrosoft SQL Server 2005 stored procedure programming in T-SQL & .NET, third editioncDejan Sunderic. a3rd ed. aSan Francisco :bMcGraw-Hill,c2006 a664 f.bme il.;c23 cm aIndex: f. 655 - 66400aSQL server. 0aKompjuter 0aProgram 7aElectronic books. 2udccBK c565d565 00102udc40708PËKGa002b002cPËKGd2015-03-27l0o004 SUNr2015-03-27yBK